000 00297 a2200133 4500
001 90828
082 _a660.2 BHA
090 _c43000
_d43000
100 _aS.H.Bhatia
245 _aEngineering Chemistry
250 _aFirst
260 _aIndia
_bCBS publishers
_c2001
300 _a880p,xxiv
942 _aCAE NUST
_cTXT
_k660.2 BHA
999 _c325901
_d325901